| 000 | 00000nas 2200000za 4500 |
| 001 | 9.502673 |
| 003 | CaOODSP |
| 005 | 20230906111727 |
| 007 | cr ||||||||||| |
| 008 | 150406d20062008xxc|| p o||||f| |0fre|d |
| 040 | |aCaOODSP|bfre |
| 043 | |an-cn--- |
| 086 | 1 |aCP51-6F-PDF |
| 245 | 02|aL'équité en emploi dans la fonction publique du Canada : |brapport au Parlement. |
| 264 | 1|aOttawa, Ontario : |bAgence de la fonction publique du Canada |
| 310 | |aAnnuel |
| 362 | 1 |aParaît depuis [2005/2006?]; ne paraît plus après 2006/2007 et 2007/2008. |
| 590 | |a10-15-Supp|b2010-12-10 |
| 691 | 07|aÉquité en matière d'emploi|2gcpds |
| 691 | 07|aFonction publique|2gcpds |
| 710 | 1 |aCanada.|bAgence de la fonction publique du Canada, |eorganisme de publication. |
| 775 | 08|tEmployment equity in the Public Service of Canada : |w(CaOODSP)9.506277 |
| 780 | 00|tL'équité en emploi dans la fonction publique fédérale : |w(CaOODSP)9.503739 |